000 00394nam a2200133Ia 4500
008 100328s9999 xx 000 0 und d
082 _b58696
100 _aवर्तक उषा.
245 _aलबाड विचित्रा.
260 _bतुषार.
630 _aलबाड विचित्रा.
730 _aलबाड विचित्रा.
942 _cBOOK
999 _c545004
_d545001